Vista normal
Vista MARC
Entrada Materia (personas)
Número de registros utilizados en: 1
001 - CONTROL NUMBER
- control field: 85125
003 - CONTROL NUMBER IDENTIFIER
- control field: Co-BoUCM
005 - DATE AND TIME OF LATEST TRANSACTION
- control field: 20170407102140.0
008 - FIXED-LENGTH DATA ELEMENTS
- fixed length control field: 170407|| aca||aabn | a|a d
040 ## - CATALOGING SOURCE
- Original cataloging agency: Co-BoUCM
- Transcribing agency: Co-BoUCM
100 ## - HEADING--PERSONAL NAME
- Personal name: Caicedo y Florez, Fernando
670 ## - SOURCE DATA FOUND
- Source citation: Work cat.: (Co-BoUCM)38650: Caicedo y Florez, Fernando, Libro que comprende los tres inventarios a saber el material según la colocación de los libros en sus respectivos estantes caxones [cajones] y orden de volumenes; el alfabetico con arreglo a la letra inicial del apellido de los autores; y el de facultades, según la q[u]e se quiera estudiar ... por su actual rector D. D. Fernando Caicedo y Florez..., 1800